[Event "18. Obert Int. Sant Marti 2016 - B"]
[Site "Barcelona ESP"]
[Date "2016.07.14"]
[Round "2.10"]
[White "Cervello I Tost, Roger"]
[Black "Alquezar Calpena, Marc"]
[Result "1-0"]
[WhiteElo "1910"]
[BlackElo "1792"]
[PlyCount "145"]
[EventDate "2016.07.13"]
[EventType "swiss"]
[EventRounds "9"]
[EventCountry "ESP"]
[SourceTitle "Ajedrez en Madrid"]
[Source "lmi"]
[SourceDate "2016.07.13"]
[SourceVersion "1"]
[SourceVersionDate "2019.06.21"]
[SourceQuality "1"]

1. e4 b6 2. d4 Bb7 3. Nc3 Nf6 4. Bd3 e6 5. Nge2 c5 6. O-O cxd4 7. Nxd4 Be7 8.
Bf4 O-O 9. Ndb5 Na6 10. Nd6 Nc5 11. Qe2 Qc7 12. Ncb5 Qc6 13. f3 Nxd3 14. Qxd3
Ba6 15. a4 e5 16. Bxe5 Qc5+ 17. Bd4 Qxd6 18. e5 Qc6 19. exf6 Bxf6 20. Bxf6 Qxf6
21. c3 d6 22. Rad1 Bxb5 23. axb5 Qe5 24. Qd5 Rfe8 25. Qxe5 Rxe5 26. c4 Re2 27.
b3 Rb2 28. Rb1 Rc2 29. Rf2 Rc3 30. Rd2 Rd8 31. Ra1 Rd7 32. Rb1 Kf8 33. Kf2 f5
34. Rbb2 g6 35. Ke2 Ke7 36. Rd3 Rxd3 37. Kxd3 d5 38. Re2+ Kf7 39. Kc3 dxc4 40.
bxc4 Rd1 41. Ra2 Rd7 42. Kb4 Ke6 43. Rc2 Rd1 44. c5 Rb1+ 45. Kc4 bxc5 46. Kxc5
Rd1 47. Ra2 Rd7 48. Re2+ Kf6 49. Kc6 Rd1 50. Ra2 Rc1+ 51. Kb7 Rb1 52. Ra5 Rb2
53. Kxa7 Rxg2 54. h4 Rf2 55. Ra3 Rh2 56. Ra4 Rh3 57. f4 Rxh4 58. b6 Rh3 59. Rb4
Re3 60. b7 Re7 61. Rb6+ Kg7 62. Ka6 Rxb7 63. Rxb7+ Kh6 64. Kb5 Kh5 65. Rxh7+
Kg4 66. Rg7 Kxf4 67. Rxg6 Ke3 68. Kc4 f4 69. Kc3 f3 70. Re6+ Kf2 71. Kd2 Kg2
72. Rf6 Kf2 73. Kd3 1-0

[Event "18. Obert Int. Sant Marti 2016 - B"]
[Site "Barcelona ESP"]
[Date "2016.07.14"]
[Round "2.11"]
[White "Ferres Saez, Joan"]
[Black "Garcia Clemente, Julian Fco."]
[Result "0-1"]
[WhiteElo "1763"]
[BlackElo "1910"]
[PlyCount "82"]
[EventDate "2016.07.13"]
[EventType "swiss"]
[EventRounds "9"]
[EventCountry "ESP"]
[SourceTitle "Ajedrez en Madrid"]
[Source "lmi"]
[SourceDate "2016.07.13"]
[SourceVersion "1"]
[SourceVersionDate "2019.06.21"]
[SourceQuality "1"]

1. Nf3 Nf6 2. g3 g6 3. Bg2 Bg7 4. c4 d6 5. O-O e5 6. d3 O-O 7. Nc3 c6 8. Rb1 a5
9. Be3 Ng4 10. Bd2 Nd7 11. h3 Nh6 12. g4 f5 13. Bg5 Qc7 14. Qd2 Nf7 15. Bh4 Nc5
16. g5 Ne6 17. Rfd1 Bd7 18. Bg3 Rad8 19. b4 axb4 20. Rxb4 Bc8 21. Rdb1 f4 22.
Bh4 Nc5 23. Qc2 Rde8 24. Nd2 Nd8 25. Nde4 Nde6 26. f3 Nd4 27. Qb2 Nf5 28. Bf2
Nxe4 29. Nxe4 Nd4 30. c5 dxc5 31. Nxc5 Qe7 32. Ne4 c5 33. Rb6 Rd8 34. Bxd4 Rxd4
35. Qb5 Rxe4 36. fxe4 Qxg5 37. Kf1 Qg3 38. Qxc5 f3 39. exf3 Bxh3 40. Qf2 Rxf3
41. Qxf3 Qxf3+ 0-1

[Event "18. Obert Int. Sant Marti 2016 - B"]
[Site "Barcelona ESP"]
[Date "2016.07.14"]
[Round "2.12"]
[White "Molina Hernandez, Albert"]
[Black "Molinas Garcia, Francisco"]
[Result "1/2-1/2"]
[WhiteElo "1908"]
[BlackElo "1786"]
[PlyCount "84"]
[EventDate "2016.07.13"]
[EventType "swiss"]
[EventRounds "9"]
[EventCountry "ESP"]
[SourceTitle "Ajedrez en Madrid"]
[Source "lmi"]
[SourceDate "2016.07.13"]
[SourceVersion "1"]
[SourceVersionDate "2019.06.21"]
[SourceQuality "1"]

1. e4 c5 2. Nf3 d6 3. d4 cxd4 4. Nxd4 Nf6 5. Nc3 g6 6. Be3 Bg7 7. f3 O-O 8. Bc4
Nc6 9. Bb3 Na5 10. Qd2 Bd7 11. O-O-O Nxb3+ 12. axb3 b5 13. Nd5 a5 14. Bg5 Nxd5
15. exd5 a4 16. Bh6 a3 17. bxa3 Rxa3 18. Bxg7 Kxg7 19. Qc3 Kg8 20. Rhe1 Re8 21.
Nc6 Bxc6 22. Qxc6 b4 23. Qb5 Qa8 24. Qc6 Qd8 25. Re4 Ra1+ 26. Kd2 Rxd1+ 27.
Kxd1 Qb8 28. Qa4 Kf8 29. Rxb4 Qc7 30. Qc6 Qa7 31. Qc3 Qg1+ 32. Kd2 Qxg2+ 33.
Kc1 f6 34. h4 Qh3 35. Kb2 Qf5 36. Qd3 Qe5+ 37. c3 Ra8 38. Ra4 Rc8 39. Rc4 Qh2+
40. Ka3 Ra8+ 41. Ra4 Rc8 42. Rc4 Ra8+ 1/2-1/2

[Event "18. Obert Int. Sant Marti 2016 - B"]
[Site "Barcelona ESP"]
[Date "2016.07.14"]
[Round "2.13"]
[White "Perez Cuadrado, Eduardo"]
[Black "Perez Garcia, Jose Miguel"]
[Result "0-1"]
[WhiteElo "1751"]
[BlackElo "1904"]
[PlyCount "74"]
[EventDate "2016.07.13"]
[EventType "swiss"]
[EventRounds "9"]
[EventCountry "ESP"]
[SourceTitle "Ajedrez en Madrid"]
[Source "lmi"]
[SourceDate "2016.07.13"]
[SourceVersion "1"]
[SourceVersionDate "2019.06.21"]
[SourceQuality "1"]

1. d4 Nf6 2. Nf3 c5 3. d5 d6 4. c4 b5 5. cxb5 a6 6. bxa6 g6 7. Nc3 Bxa6 8. g3
Bg7 9. e4 Bxf1 10. Kxf1 Nbd7 11. Kg2 O-O 12. Qe2 Ne8 13. Nb5 Nc7 14. a4 Nxb5
15. Qxb5 Rb8 16. Qe2 Qa5 17. Ra3 Rb7 18. b3 Qb4 19. Ne1 Rfb8 20. Nd3 Qa5 21.
Bd2 Bc3 22. Bxc3 Qxc3 23. Rc1 Qd4 24. Rb1 c4 25. Nc1 Nc5 26. Qc2 cxb3 27. Nxb3
Qb4 28. Qa2 Qxe4+ 29. Kg1 Qxd5 30. a5 Rxb3 31. Rbxb3 Qd1+ 32. Kg2 Nxb3 33. a6
Nd2 34. Kh3 Qf1+ 35. Kh4 Qc4+ 36. Qxc4 Nxc4 37. Rc3 d5 0-1

[Event "18. Obert Int. Sant Marti 2016 - B"]
[Site "Barcelona ESP"]
[Date "2016.07.14"]
[Round "2.14"]
[White "Olivas Montoya, Albert"]
[Black "Costa Trave, Jaume"]
[Result "1/2-1/2"]
[WhiteElo "1746"]
[BlackElo "1902"]
[PlyCount "93"]
[EventDate "2016.07.13"]
[EventType "swiss"]
[EventRounds "9"]
[EventCountry "ESP"]
[SourceTitle "Ajedrez en Madrid"]
[Source "lmi"]
[SourceDate "2016.07.13"]
[SourceVersion "1"]
[SourceVersionDate "2019.06.21"]
[SourceQuality "1"]

1. e4 e6 2. d4 d5 3. Nc3 dxe4 4. Nxe4 Bd7 5. Nf3 Bc6 6. Bd3 Nd7 7. c3 Ngf6 8.
Nxf6+ gxf6 9. O-O Bg7 10. Re1 O-O 11. c4 Kh8 12. b3 Rg8 13. Bb2 Nf8 14. Qe2 Qd6
15. Rad1 Qf4 16. Be4 Bxe4 17. Qxe4 Qxe4 18. Rxe4 f5 19. Ne5 Bxe5 20. Rxe5 Rg6
21. d5 Kg8 22. dxe6 fxe6 23. Rde1 Kf7 24. Rd1 b6 25. c5 Rg4 26. f3 Rb4 27. c6
a6 28. Ba3 Rb5 29. Rxb5 axb5 30. Bxf8 Kxf8 31. Rd7 Rxa2 32. Rxc7 Rc2 33. Rxh7
Rxc6 34. Rb7 f4 35. h4 e5 36. h5 b4 37. Kf1 Rc3 38. Rxb6 Rxb3 39. Ke2 Re3+ 40.
Kd2 b3 41. Rb7 Kg8 42. h6 Kh8 43. Kd1 Rc3 44. Kd2 Rc2+ 45. Kd3 Rxg2 46. Rxb3
Kh7 47. Rb5 1/2-1/2

[Event "18. Obert Int. Sant Marti 2016 - B"]
[Site "Barcelona ESP"]
[Date "2016.07.14"]
[Round "2.15"]
[White "Valarezzo Ricard, Pedro"]
[Black "Pallares Gurrea, Aitor Alexander"]
[Result "0-1"]
[WhiteElo "1887"]
[BlackElo "1752"]
[PlyCount "76"]
[EventDate "2016.07.13"]
[EventType "swiss"]
[EventRounds "9"]
[EventCountry "ESP"]
[SourceTitle "Ajedrez en Madrid"]
[Source "lmi"]
[SourceDate "2016.07.13"]
[SourceVersion "1"]
[SourceVersionDate "2019.06.21"]
[SourceQuality "1"]

1. d4 Nf6 2. Nf3 e6 3. Bg5 Be7 4. Nbd2 d5 5. e3 Nbd7 6. Bd3 c5 7. c3 b6 8. Bb5
Bb7 9. Ne5 O-O 10. Nc6 Bxc6 11. Bxc6 Rc8 12. Ba4 a6 13. h4 b5 14. Bc2 e5 15.
Nf3 cxd4 16. exd4 e4 17. Ne5 b4 18. Nxd7 Nxd7 19. Bxe7 Qxe7 20. Qd2 bxc3 21.
bxc3 Nb6 22. Bb3 Nc4 23. Bxc4 Rxc4 24. Rb1 Rfc8 25. Rb3 Qc7 26. Rh3 f5 27. Qg5
Rf8 28. h5 h6 29. Qd2 f4 30. g3 f3 31. Qe3 Rc8 32. Kd2 Qa5 33. a3 Qa4 34. Rb4
Rxb4 35. axb4 Qa2+ 36. Kd1 Qb1+ 37. Qc1 Qd3+ 38. Qd2 Qf1+ 0-1

[Event "18. Obert Int. Sant Marti 2016 - B"]
[Site "Barcelona ESP"]
[Date "2016.07.14"]
[Round "2.16"]
[White "Moysen Cortes, Jessica"]
[Black "Fernandez Egea, Andres"]
[Result "1/2-1/2"]
[WhiteElo "1740"]
[BlackElo "1886"]
[PlyCount "136"]
[EventDate "2016.07.13"]
[EventType "swiss"]
[EventRounds "9"]
[EventCountry "ESP"]
[SourceTitle "Ajedrez en Madrid"]
[Source "lmi"]
[SourceDate "2016.07.13"]
[SourceVersion "1"]
[SourceVersionDate "2019.06.21"]
[SourceQuality "1"]

1. e4 e5 2. Nf3 Nc6 3. Nc3 Nf6 4. d4 exd4 5. Nxd4 d6 6. Nxc6 bxc6 7. Bd3 Be7 8.
O-O O-O 9. Bf4 Ng4 10. h3 Ne5 11. Bxe5 dxe5 12. Bc4 Bd6 13. Qf3 Rb8 14. Bb3 Qe7
15. Ne2 Ba6 16. Rfe1 c5 17. c4 f5 18. Nc3 fxe4 19. Qxe4 Qg5 20. Bc2 g6 21. b3
Bb7 22. Nd5 Rf4 23. Qe3 Bxd5 24. cxd5 Qf6 25. Be4 Rb4 26. f3 Qe7 27. Rac1 c4
28. Qc3 Bc5+ 29. Kh2 Bd4 30. Qc2 c3 31. Qe2 Qd6 32. Rc2 Rf6 33. Qd3 a5 34. Rec1
Rf8 35. h4 Kg7 36. g3 a4 37. bxa4 Ra8 38. h5 gxh5 39. Kg2 Rb2 40. Rh1 Rxa4 41.
Rxh5 h6 42. Rh4 Raxa2 43. Qd1 Rxc2+ 44. Bxc2 Qa3 45. Qd3 Rxc2+ 46. Qxc2 Qb2 47.
Qxb2 cxb2 48. Rh1 Kf6 49. Re1 Ke7 50. Kf1 Kd6 51. Ke2 Kxd5 52. Kd3 c5 53. Kc2
c4 54. Rh1 c3 55. Rxh6 Be3 56. Rh1 Bd2 57. Rh4 Be3 58. Rb4 Bc5 59. Re4 Bd4 60.
g4 Ke6 61. Re1 Kf6 62. Rh1 Kg5 63. Rh5+ Kg6 64. Rf5 Kh6 65. Rf6+ Kg5 66. Rf5+
Kg6 67. Rh5 Kf6 68. Rf5+ Kg6 1/2-1/2

[Event "18. Obert Int. Sant Marti 2016 - B"]
[Site "Barcelona ESP"]
[Date "2016.07.14"]
[Round "2.17"]
[White "Gomez Guinovart, Josep Manel"]
[Black "Garcia Ruiz, Adrian"]
[Result "0-1"]
[WhiteElo "1733"]
[BlackElo "1884"]
[PlyCount "72"]
[EventDate "2016.07.13"]
[EventType "swiss"]
[EventRounds "9"]
[EventCountry "ESP"]
[SourceTitle "Ajedrez en Madrid"]
[Source "lmi"]
[SourceDate "2016.07.13"]
[SourceVersion "1"]
[SourceVersionDate "2019.06.21"]
[SourceQuality "1"]

1. d4 g6 2. Nf3 Bg7 3. g3 d6 4. Bg2 f5 5. c3 Nf6 6. O-O O-O 7. Nbd2 Qe8 8. Re1
e5 9. e4 Nc6 10. dxe5 dxe5 11. exf5 gxf5 12. Nb3 a5 13. a4 Ne4 14. Nh4 Nd6 15.
Nc5 Kh8 16. Be3 e4 17. Bf1 Qf7 18. Bf4 Nc4 19. Qb3 N4e5 20. Qc2 Bf6 21. Be2 Rg8
22. Ng2 b6 23. Nb3 Ba6 24. Nd2 Nd3 25. Bxd3 Bxd3 26. Qd1 Ne5 27. Ne3 Ng6 28.
Ng2 Nxf4 29. Nxf4 Ba6 30. Nf1 Be5 31. Ng2 Rad8 32. Qc1 Rd6 33. Rd1 f4 34. Rxd6
cxd6 35. Nd2 e3 36. fxe3 fxg3 0-1

[Event "18. Obert Int. Sant Marti 2016 - B"]
[Site "Barcelona ESP"]
[Date "2016.07.14"]
[Round "2.18"]
[White "Minko, Dmitry"]
[Black "Valbuena Castro, Gregorio"]
[Result "0-1"]
[WhiteElo "1884"]
[BlackElo "1724"]
[PlyCount "113"]
[EventDate "2016.07.13"]
[EventType "swiss"]
[EventRounds "9"]
[EventCountry "ESP"]
[SourceTitle "Ajedrez en Madrid"]
[Source "lmi"]
[SourceDate "2016.07.13"]
[SourceVersion "1"]
[SourceVersionDate "2019.06.21"]
[SourceQuality "1"]

1. e4 e5 2. Nf3 Nf6 3. d4 Nxe4 4. Bd3 d5 5. Nxe5 Bd6 6. O-O Nc6 7. Nxc6 bxc6 8.
Re1 Bxh2+ 9. Kxh2 Qh4+ 10. Kg1 Qxf2+ 11. Kh2 Qg3+ 12. Kg1 Bg4 13. Rxe4+ dxe4
14. Be2 Bh3 15. Qf1 O-O 16. Bf4 Qg6 17. Nc3 f5 18. Rd1 Rab8 19. b3 Bg4 20. Rd2
h5 21. d5 Qf6 22. Na4 cxd5 23. Rxd5 Rbd8 24. Bc4 Rxd5 25. Bxd5+ Kh8 26. Qc4
Qa1+ 27. Kh2 Qe1 28. Bg3 Qd2 29. Qc5 Rd8 30. c4 f4 31. Bh4 f3 32. Bf2 Re8 33.
Qe3 Qxa2 34. Nc5 fxg2 35. Bxe4 Rf8 36. Kxg2 Bh3+ 37. Kg3 h4+ 38. Kxh3 Rxf2 39.
Kxh4 Rf6 40. Kg3 Rh6 41. Kg4 Qh2 42. Qg3 Qh5+ 43. Kf4 Rf6+ 44. Ke3 Qxc5+ 45.
Kd3 Qd6+ 46. Qxd6 Rxd6+ 47. Kc3 g5 48. Kb4 g4 49. c5 Rf6 50. Kb5 g3 51. c6 Rf2
52. Ka6 Rb2 53. Bd5 Rxb3 54. Kxa7 Rb2 55. Be6 g2 56. Bc8 g1=Q+ 57. Ka8 0-1

[Event "18. Obert Int. Sant Marti 2016 - B"]
[Site "Barcelona ESP"]
[Date "2016.07.14"]
[Round "2.20"]
[White "Pascual Gonzalez-Novelles, Carles"]
[Black "Andreu Termes, Frederic"]
[Result "1/2-1/2"]
[WhiteElo "1718"]
[BlackElo "1870"]
[PlyCount "94"]
[EventDate "2016.07.13"]
[EventType "swiss"]
[EventRounds "9"]
[EventCountry "ESP"]
[SourceTitle "Ajedrez en Madrid"]
[Source "lmi"]
[SourceDate "2016.07.13"]
[SourceVersion "1"]
[SourceVersionDate "2019.06.21"]
[SourceQuality "1"]

1. e4 e6 2. d4 d5 3. Nc3 Bb4 4. e5 b6 5. a3 Bxc3+ 6. bxc3 Bb7 7. Qg4 g6 8. Bg5
Qd7 9. Be2 Nc6 10. Nf3 h6 11. Qh4 Nce7 12. Bxe7 Nxe7 13. a4 O-O-O 14. a5 Kb8
15. Qf4 Nc6 16. axb6 cxb6 17. Bb5 Qe7 18. Qc1 Na5 19. Qa3 Qxa3 20. Rxa3 Rc8 21.
Nd2 Rc7 22. h4 a6 23. Be2 Rhc8 24. h5 g5 25. Rh3 Nc4 26. Nxc4 dxc4 27. Bf3 Rg8
28. Bxb7 Kxb7 29. Rf3 Rg7 30. Rf6 Rh7 31. Ke2 Rd7 32. Ke3 b5 33. Ke4 Rd5 34.
Ra1 Kb6 35. Ra2 a5 36. Ke3 a4 37. Ra1 Ka5 38. Ke4 Rd7 39. Ra2 Kb6 40. Ra3 Kc6
41. Ra1 Kb6 42. Ra3 Ka5 43. Ra1 Ra7 44. Ke3 b4 45. cxb4+ Kxb4 46. Kd2 a3 47.
Rb1+ Ka4 1/2-1/2

[Event "18. Obert Int. Sant Marti 2016 - B"]
[Site "Barcelona ESP"]
[Date "2016.07.14"]
[Round "2.21"]
[White "Elizondo Marquet, Juan Marcos"]
[Black "Tortosa Moros, Joan"]
[Result "1-0"]
[WhiteElo "1870"]
[BlackElo "1719"]
[PlyCount "61"]
[EventDate "2016.07.13"]
[EventType "swiss"]
[EventRounds "9"]
[EventCountry "ESP"]
[SourceTitle "Ajedrez en Madrid"]
[Source "lmi"]
[SourceDate "2016.07.13"]
[SourceVersion "1"]
[SourceVersionDate "2019.06.21"]
[SourceQuality "1"]

1. e4 c5 2. Nf3 Nc6 3. d4 cxd4 4. Nxd4 g6 5. Bc4 e6 6. Nc3 a6 7. a4 Bg7 8. Nf3
Qc7 9. Ba2 Nb4 10. Bb3 Bxc3+ 11. bxc3 Qxc3+ 12. Bd2 Qc5 13. O-O Nc6 14. Qe2 Nd4
15. Nxd4 Qxd4 16. Qe1 Qg7 17. Bc3 f6 18. f4 Ne7 19. f5 gxf5 20. exf5 Rg8 21. g3
Rf8 22. fxe6 d6 23. Rd1 h5 24. Rxd6 h4 25. Qd2 Nc6 26. Rd1 Qc7 27. Qh6 hxg3 28.
Qg6+ Rf7 29. Qxf7+ Qxf7 30. exf7+ Ke7 31. Bxf6+ 1-0

[Event "18. Obert Int. Sant Marti 2016 - B"]
[Site "Barcelona ESP"]
[Date "2016.07.14"]
[Round "2.22"]
[White "Nandhini, Saripalli"]
[Black "Reixach Ministral, Eduard"]
[Result "1/2-1/2"]
[WhiteElo "1716"]
[BlackElo "1870"]
[PlyCount "113"]
[EventDate "2016.07.13"]
[EventType "swiss"]
[EventRounds "9"]
[EventCountry "ESP"]
[SourceTitle "Ajedrez en Madrid"]
[Source "lmi"]
[SourceDate "2016.07.13"]
[SourceVersion "1"]
[SourceVersionDate "2019.06.21"]
[SourceQuality "1"]

1. d4 Nf6 2. Nf3 c5 3. d5 d6 4. Nc3 g6 5. e4 Bg7 6. h3 a6 7. a4 O-O 8. Bc4 Nbd7
9. a5 Qc7 10. Qe2 b5 11. axb6 Qxb6 12. O-O Ne8 13. Bd2 Nc7 14. Rfd1 Ne5 15.
Nxe5 Bxe5 16. Na4 Qb7 17. Ra2 Nb5 18. c3 Bd7 19. Bh6 Rfb8 20. f4 Bh8 21. e5 Nc7
22. Rd2 Bb5 23. b3 Bxc4 24. bxc4 Qb1+ 25. Rd1 Qf5 26. exd6 exd6 27. Qe7 Ne8 28.
Re1 Bf6 29. Qe3 Ng7 30. Rae2 Qd7 31. Bxg7 Bxg7 32. Ra1 Re8 33. Qd2 Rxe2 34.
Qxe2 Re8 35. Qd3 Qe7 36. Rb1 Bf6 37. Kh1 Qe3 38. Qxe3 Rxe3 39. Rb6 Bh4 40. g3
Bxg3 41. Rxd6 Bxf4 42. Rxa6 Rxh3+ 43. Kg2 Rd3 44. Nxc5 Rxc3 45. d6 Rxc4 46. d7
Bg5 47. Nb7 Rd4 48. Ra8+ Kg7 49. d8=Q Bxd8 50. Nxd8 Rd7 51. Nc6 h5 52. Ne5 Re7
53. Nf3 f6 54. Ra5 g5 55. Nxg5 fxg5 56. Rxg5+ Kh6 57. Rg8 1/2-1/2

[Event "18. Obert Int. Sant Marti 2016 - B"]
[Site "Barcelona ESP"]
[Date "2016.07.14"]
[Round "2.23"]
[White "Sanchez Paz, Josep"]
[Black "Bieg Pagel, Clemens"]
[Result "0-1"]
[WhiteElo "1709"]
[BlackElo "1866"]
[PlyCount "56"]
[EventDate "2016.07.13"]
[EventType "swiss"]
[EventRounds "9"]
[EventCountry "ESP"]
[SourceTitle "Ajedrez en Madrid"]
[Source "lmi"]
[SourceDate "2016.07.13"]
[SourceVersion "1"]
[SourceVersionDate "2019.06.21"]
[SourceQuality "1"]

1. a3 d5 2. d4 Nf6 3. Nf3 Bf5 4. Bf4 e6 5. e3 Bd6 6. Ne5 Nbd7 7. Be2 Bxe5 8.
dxe5 Ne4 9. f3 Nec5 10. O-O c6 11. b4 Na4 12. c4 Bxb1 13. Qxa4 Nb6 14. Qb3 Bg6
15. Rad1 Qc7 16. c5 Nd7 17. Qc3 O-O 18. Bg3 a5 19. f4 axb4 20. axb4 Ra2 21. Bd3
Rfa8 22. Bxg6 hxg6 23. Ra1 b6 24. Rxa2 Rxa2 25. Bf2 bxc5 26. bxc5 Qa7 27. Rc1
Qa6 28. Rc2 Rxc2 0-1

[Event "18. Obert Int. Sant Marti 2016 - B"]
[Site "Barcelona ESP"]
[Date "2016.07.14"]
[Round "2.24"]
[White "Madrid Sole, Antonio"]
[Black "Escofet Llongueras, Joan"]
[Result "1/2-1/2"]
[WhiteElo "1865"]
[BlackElo "1716"]
[PlyCount "96"]
[EventDate "2016.07.13"]
[EventType "swiss"]
[EventRounds "9"]
[EventCountry "ESP"]
[SourceTitle "Ajedrez en Madrid"]
[Source "lmi"]
[SourceDate "2016.07.13"]
[SourceVersion "1"]
[SourceVersionDate "2019.06.21"]
[SourceQuality "1"]

1. d4 Nf6 2. Nf3 g6 3. e3 Bg7 4. Bd3 d5 5. O-O O-O 6. Nbd2 Nc6 7. c3 Nd7 8. e4
dxe4 9. Nxe4 Nf6 10. Ng3 e5 11. dxe5 Ng4 12. Bg5 Qd5 13. Be4 Qxd1 14. Raxd1
Ngxe5 15. Nxe5 Nxe5 16. Bd5 c6 17. Bb3 Re8 18. f4 Ng4 19. f5 Ne5 20. fxg6 hxg6
21. Ne4 Be6 22. Bxe6 Rxe6 23. Nc5 Ree8 24. Nxb7 Reb8 25. Nd6 Rxb2 26. Bf4 f6
27. Bxe5 fxe5 28. Nc4 Rxa2 29. Rd6 e4 30. Rxc6 Bxc3 31. Rxg6+ Kh7 32. Re6 Bd4+
33. Kh1 Rf8 34. Re7+ Kg6 35. Rb1 Rb8 36. Rf1 Rf2 37. Re1 Rb4 38. Nd6 Rbb2 39.
R7xe4 Rxg2 40. Rxd4 Rxh2+ 41. Kg1 Rhg2+ 42. Kh1 Rh2+ 43. Kg1 Rhg2+ 44. Kh1 Rh2+
45. Kg1 Rhg2+ 46. Kh1 Rh2+ 47. Kg1 Rhg2+ 48. Kh1 Rh2+ 1/2-1/2

[Event "18. Obert Int. Sant Marti 2016 - B"]
[Site "Barcelona ESP"]
[Date "2016.07.14"]
[Round "2.25"]
[White "Castillo Dalmau, Arnau"]
[Black "Khudov, Oleksandr"]
[Result "0-1"]
[WhiteElo "1418"]
[BlackElo "1847"]
[PlyCount "128"]
[EventDate "2016.07.13"]
[EventType "swiss"]
[EventRounds "9"]
[EventCountry "ESP"]
[SourceTitle "Ajedrez en Madrid"]
[Source "lmi"]
[SourceDate "2016.07.13"]
[SourceVersion "1"]
[SourceVersionDate "2019.06.21"]
[SourceQuality "1"]

1. e4 e6 2. d3 d5 3. Nd2 c5 4. g3 Nc6 5. Bg2 d4 6. Ngf3 e5 7. O-O Bd6 8. Nc4
Nf6 9. Nxd6+ Qxd6 10. Ne1 O-O 11. h3 Rb8 12. f4 b5 13. fxe5 Nxe5 14. Bf4 Nfd7
15. Nf3 Qe7 16. Nxe5 Nxe5 17. Bxe5 Qxe5 18. Kh2 Be6 19. Qd2 f6 20. a3 c4 21.
Rad1 cxd3 22. cxd3 Rbc8 23. Rc1 Qd6 24. Rxc8 Rxc8 25. Rc1 Rc7 26. Rxc7 Qxc7 27.
Bf3 a5 28. Bd1 Kf8 29. Qc2 Qxc2+ 30. Bxc2 Ke7 31. b4 a4 32. Kg2 Bb3 33. Bb1 Kd6
34. Kf3 Ke5 35. Kf2 g5 36. Kf3 h5 37. Kg2 h4 38. Kf3 Bd1+ 39. Kg2 f5 40. gxh4
gxh4 41. Kf2 Kf4 42. Ba2 fxe4 43. dxe4 Kxe4 44. Bf7 d3 45. Bg6+ Kd4 46. Ke1 Bb3
47. Kd2 Be6 48. Bxd3 Bxh3 49. Bxb5 Bg4 50. Bc6 h3 51. Ke1 h2 52. Kf2 Bd7 53.
Bh1 Kc3 54. Kg3 Kb3 55. Bd5+ Kxa3 56. Kxh2 Kxb4 57. Kg1 a3 58. Kf2 Ba4 59. Ba2
Bb3 60. Ke2 Bxa2 61. Kd2 Kb3 62. Kc1 Kc3 63. Kd1 Kb2 64. Kd2 Bc4 0-1

[Event "18. Obert Int. Sant Marti 2016 - B"]
[Site "Barcelona ESP"]
[Date "2016.07.14"]
[Round "2.26"]
[White "Santolaria Pena, M."]
[Black "Maqueda Berdugo, Francisco"]
[Result "1/2-1/2"]
[WhiteElo "1846"]
[BlackElo "1696"]
[PlyCount "64"]
[EventDate "2016.07.13"]
[EventType "swiss"]
[EventRounds "9"]
[EventCountry "ESP"]
[SourceTitle "Ajedrez en Madrid"]
[Source "lmi"]
[SourceDate "2016.07.13"]
[SourceVersion "1"]
[SourceVersionDate "2019.06.21"]
[SourceQuality "1"]

1. d4 d5 2. Nf3 Nf6 3. e3 c5 4. c3 e6 5. Bd3 Nc6 6. Nbd2 c4 7. Bc2 g6 8. Qe2
Bg7 9. O-O O-O 10. e4 dxe4 11. Nxe4 b5 12. a4 Ba6 13. Nxf6+ Bxf6 14. Be4 Rc8
15. axb5 Bxb5 16. Bxc6 Rxc6 17. Rxa7 Qb6 18. Ra2 Rcc8 19. Be3 Qb7 20. Rfa1 Ra8
21. h3 Qc6 22. Rxa8 Rxa8 23. Rxa8+ Qxa8 24. b3 Qa1+ 25. Kh2 Qxc3 26. bxc4 Bxc4
27. Qd1 Bb3 28. Qb1 Qc2 29. Qe1 Qd3 30. Qa5 Kg7 31. Qd2 Qxd2 32. Nxd2 Bd5
1/2-1/2

[Event "18. Obert Int. Sant Marti 2016 - B"]
[Site "Barcelona ESP"]
[Date "2016.07.14"]
[Round "2.27"]
[White "Antequera Garcia, Luis"]
[Black "Ramos Alvarez, Maximo"]
[Result "0-1"]
[WhiteElo "1333"]
[BlackElo "1843"]
[PlyCount "58"]
[EventDate "2016.07.13"]
[EventType "swiss"]
[EventRounds "9"]
[EventCountry "ESP"]
[SourceTitle "Ajedrez en Madrid"]
[Source "lmi"]
[SourceDate "2016.07.13"]
[SourceVersion "1"]
[SourceVersionDate "2019.06.21"]
[SourceQuality "1"]

1. e4 c5 2. Bc4 e6 3. Nf3 Nf6 4. Nc3 d5 5. exd5 exd5 6. Be2 d4 7. Nb5 a6 8. Na3
Be7 9. d3 Nc6 10. Bf4 b5 11. c3 dxc3 12. bxc3 Qa5 13. Qb3 c4 14. Nxc4 bxc4 15.
Qxc4 Bd7 16. O-O O-O 17. Rab1 Rac8 18. Rfe1 Be6 19. Qxc6 Rxc6 20. Rb7 Re8 21.
c4 Bg4 22. Bd2 Qxa2 23. Bc3 Re6 24. Kf1 Bxf3 25. gxf3 Qc2 26. Bd4 Bb4 27. Rxb4
Rxe2 28. Reb1 Qxd3 29. Be3 Rb2+ 0-1

[Event "18. Obert Int. Sant Marti 2016 - B"]
[Site "Barcelona ESP"]
[Date "2016.07.14"]
[Round "2.28"]
[White "Martinez Balaguer, Josep"]
[Black "Pera Muntasell, Marc"]
[Result "1/2-1/2"]
[WhiteElo "1834"]
[BlackElo "1450"]
[PlyCount "83"]
[EventDate "2016.07.13"]
[EventType "swiss"]
[EventRounds "9"]
[EventCountry "ESP"]
[SourceTitle "Ajedrez en Madrid"]
[Source "lmi"]
[SourceDate "2016.07.13"]
[SourceVersion "1"]
[SourceVersionDate "2019.06.21"]
[SourceQuality "1"]

1. c4 e6 2. Nc3 Nf6 3. e4 d5 4. e5 Ne4 5. d4 Nxc3 6. bxc3 c5 7. Qg4 f6 8. Bd3
f5 9. Qg3 dxc4 10. Bxc4 cxd4 11. Nh3 Qc7 12. Bb5+ Bd7 13. Bxd7+ Nxd7 14. O-O
Qxc3 15. Bf4 Qxg3 16. Bxg3 Bc5 17. Nf4 Kf7 18. Rac1 Rac8 19. Nd3 Bb6 20. Bf4
Nc5 21. Nb2 Ne4 22. Nc4 Bc5 23. h4 b5 24. Nd6+ Nxd6 25. exd6 Ba3 26. Rcd1 Rc4
27. Rd3 Bc5 28. Rfd1 Rd8 29. Be5 Bxd6 30. Bxd4 Be7 31. g3 a6 32. Kg2 Rc2 33. a3
Ra2 34. Be5 Rxd3 35. Rxd3 Rxa3 36. Rd7 Ke8 37. Rb7 g6 38. Rb8+ Bd8 39. Rb7 Be7
40. Rb8+ Bd8 41. Rb7 Be7 42. Rb8+ 1/2-1/2

[Event "18. Obert Int. Sant Marti 2016 - B"]
[Site "Barcelona ESP"]
[Date "2016.07.14"]
[Round "2.30"]
[White "Volart Buil, Jordi"]
[Black "Moya Nunez, Salvador"]
[Result "1-0"]
[WhiteElo "1819"]
[BlackElo "1175"]
[PlyCount "67"]
[EventDate "2016.07.13"]
[EventType "swiss"]
[EventRounds "9"]
[EventCountry "ESP"]
[SourceTitle "Ajedrez en Madrid"]
[Source "lmi"]
[SourceDate "2016.07.13"]
[SourceVersion "1"]
[SourceVersionDate "2019.06.21"]
[SourceQuality "1"]

1. d4 d5 2. c4 c6 3. Nc3 Nf6 4. Nf3 a6 5. cxd5 cxd5 6. Bf4 Nc6 7. e3 Bg4 8. h3
Bh5 9. Be2 e6 10. O-O Bd6 11. Bxd6 Qxd6 12. Nh2 Bxe2 13. Qxe2 O-O 14. f4 Ne7
15. g4 g6 16. Rad1 Qc6 17. Nf3 b6 18. Ne5 Qb7 19. h4 h5 20. f5 exf5 21. gxf5
Nxf5 22. Rf4 Kh7 23. Kh2 Rae8 24. Rdf1 Re6 25. Rxf5 gxf5 26. Rxf5 Qc8 27. Qf3
Qc7 28. Rxf6 Rxf6 29. Qxf6 b5 30. Qf5+ Kg8 31. Nxd5 Qc8 32. Nf6+ Kg7 33. Qg5+
Kh8 34. Qh6# 1-0